The 200 Best Albums of the 2010's - Statistics

General Stats
  • This quiz has been taken 218 times
  • The average score is 59 of 200
Answer Stats
Album Year Artist % Correct
3 Beyoncé 2013 Beyoncé
99%
31 4 2011 Beyoncé
99%
41 Lemonade 2016 Beyoncé
99%
92 Watch the Throne 2011 JAY-Z / Kanye West
93%
2 My Beautiful Dark Twisted Fantasy 2010 Kanye West
92%
15 Yeezus 2013 Kanye West
92%
4 To Pimp a Butterfly 2015 Kendrick Lamar
88%
18 good kid, m.A.A.d. city 2012 Kendrick Lamar
88%
57 DAMN. 2017 Kendrick Lamar
88%
13 Take Care 2011 Drake
86%
69 If You’re Reading This, It’s Too Late 2015 Drake
86%
1 Blonde 2016 Frank Ocean
82%
10 Channel Orange 2012 Frank Ocean
82%
12 ANTI 2016 Rihanna
78%
32 Bon Iver 2011 Bon Iver
76%
91 22, A Million 2016 Bon Iver
76%
59 Red 2012 Taylor Swift
76%
19 Norman Fucking Rockwell! 2019 Lana Del Rey
72%
14 Melodrama 2017 Lorde
70%
112 Random Access Memories 2013 Daft Punk
67%
120 Flower Boy 2017 Tyler, the Creator
67%
150 Playboi Carti 2017 Playboi Carti
66%
75 House of Balloons 2011 The Weeknd
66%
37 Blackstar 2016 David Bowie
65%
73 Invasion of Privacy 2018 Cardi B
63%
100 Sweetener 2018 Ariana Grande
62%
151 The Fame Monster 2009 Lady Gaga
61%
128 A Moon Shaped Pool 2016 Radiohead
61%
131 Run the Jewels 2 2014 Run the Jewels
61%
152 AM 2013 Arctic Monkeys
59%
166 The Pinkprint 2014 Nicki Minaj
57%
79 Currents 2015 Tame Impala
57%
130 Lonerism 2012 Tame Impala
57%
24 CTRL 2017 SZA
56%
7 Modern Vampires of the City 2013 Vampire Weekend
56%
94 Contra 2010 Vampire Weekend
56%
61 Arca 2017 Arca
55%
84 Acid Rap 2013 Chance the Rapper
53%
27 Some Rap Songs 2018 Earl Sweatshirt
53%
137 LIVE.LOVE.A$AP 2011 A$AP Rocky
52%
47 E•MO•TION 2015 Carly Rae Jepsen
51%
117 The Money Store 2012 Death Grips
51%
17 Carrie & Lowell 2015 Sufjan Stevens
51%
76 The Suburbs 2010 Arcade Fire
47%
5 The Idler Wheel Is Wiser Than the Driver of the Screw and Whipping Cords Will Serve You More Than Ropes Will Ever Do 2012 Fiona Apple
45%
23 Golden Hour 2018 Kacey Musgraves
45%
6 A Seat at the Table 2016 Solange
44%
81 When I Get Home 2019 Solange
44%
44 We got it from Here... Thank You 4 Your service 2016 A Tribe Called Quest
42%
30 Puberty 2 2016 Mitski
42%
64 Be the Cowboy 2018 Mitski
42%
157 A Brief Inquiry Into Online Relationships 2018 The 1975
41%
161 I like it when you sleep… 2016 The 1975
41%
11 Art Angels 2015 Grimes
40%
50 Visions 2012 Grimes
40%
188 Daytona 2018 Pusha-T
39%
87 SremmLife 2015 Rae Sremmurd
39%
155 Savage Mode 2016 21 Savage / Metro Boomin
38%
21 Teen Dream 2010 Beach House
37%
52 This Is Happening 2010 LCD Soundsystem
37%
8 Body Talk 2010 Robyn
37%
71 Honey 2018 Robyn
37%
38 Whack World 2018 Tierra Whack
37%
143 Titanic Rising 2019 Weyes Blood
37%
56 Vulnicura 2015 Björk
36%
63 XXX 2011 Danny Brown
36%
65 Dirty Sprite 2 2015 Future
36%
116 The ArchAndroid 2010 Janelle Monáe
36%
74 OIL OF EVERY PEARL’s UN-INSIDES 2018 SOPHIE
36%
40 Pop 2 2017 Charli XCX
34%
72 I Love You, Honeybear 2015 Father John Misty
34%
28 LP1 2014 FKA twigs
34%
34 Summertime ’06 2015 Vince Staples
34%
144 Let England Shake 2011 PJ Harvey
33%
36 El Mal Querer 2018 Rosalía
32%
135 Helplessness Blues 2011 Fleet Foxes
31%
127 Teens of Denial 2016 Car Seat Headrest
30%
134 Hurry Up, We’re Dreaming 2011 M83
30%
171 Veteran 2018 JPEGMAFIA
29%
25 In Colour 2015 Jamie xx
27%
169 After Laughter 2017 Paramore
27%
42 New Amerykah Part Two: Return of the Ankh 2010 Erykah Badu
26%
45 A Crow Looked at Me 2017 Mount Eerie
26%
55 Strange Mercy 2011 St. Vincent
26%
68 Cosmogramma 2010 Flying Lotus
25%
54 Barter 6 2015 Young Thug
25%
67 Sometimes I Sit and Think, and Sometimes I Just Sit 2015 Courtney Barnett
24%
9 Black Messiah 2014 D’Angelo & the Vanguard
24%
123 Sunbather 2013 Deafheaven
24%
29 Halcyon Digest 2010 Deerhunter
24%
118 You Want It Darker 2016 Leonard Cohen
24%
153 Purple Mountains 2019 Purple Mountains
24%
147 High Violet 2010 The National
24%
145 Finally Rich 2012 Chief Keef
23%
110 Flockaveli 2010 Waka Flocka Flame
23%
26 Burn Your Fire for No Witness 2014 Angel Olsen
22%
43 Night Time, My Time 2013 Sky Ferreira
22%
33 U.F.O.F. 2019 Big Thief
21%
60 The OOZ 2017 King Krule
21%
99 X 100PRE 2018 Bad Bunny
20%
22 Kaputt 2011 Destroyer
20%
16 Have One on Me 2010 Joanna Newsom
20%
86 Days Are Gone 2013 Haim
19%
97 Lost in the Dream 2014 The War on Drugs
19%
58 The Epic 2015 Kamasi Washington
18%
96 Double Negative 2018 Low
18%
149 2 2012 Mac DeMarco
18%
160 Room 25 2018 Noname
18%
70 No Shape 2017 Perfume Genius
18%
122 Lush 2018 Snail Mail
18%
191 50 Words for Snow 2011 Kate Bush
17%
108 99.9% 2016 Kaytranada
17%
138 Sound & Color 2015 Alabama Shakes
16%
80 Syro 2014 Aphex Twin
16%
35 Cupid Deluxe 2013 Blood Orange
16%
95 Leak 04-13 (Bait Ones) 2019 Jai Paul
16%
113 Celebration Rock 2012 Japandroids
15%
109 Aviary 2018 Julia Holter
15%
78 Smoke Ring for My Halo 2011 Kurt Vile
15%
83 Rival Dealer EP 2013 Burial
14%
105 Settle 2013 Disclosure
14%
163 Dreamchasers 2 2012 Meek Mil
14%
136 Ravedeath, 1972 2011 Tim Hecker
14%
104 Cerulean Salt 2013 Waxahatchee
14%
125 Safe in the Hands of Love 2018 Yves Tumor
14%
107 Swing Lo Magellan 2012 Dirty Projectors
13%
175 Devotion 2012 Jessie Ware
13%
192 Cut 4 Me 2013 Kelela
13%
193 Hellboy 2016 Lil Peep
13%
141 Rich Forever 2012 Rick Ross
13%
48 Hopelessness 2016 ANOHNI
12%
49 Replica 2011 Oneohtrix Point Never
12%
46 Shaking the Habitual 2013 The Knife
12%
89 Our Love 2014 Caribou
11%
20 Double Cup 2013 DJ Rashad
11%
187 Beyondless 2018 Iceage
11%
102 Late Nights: The Album 2015 Jeremih
11%
148 Space Is Only Noise 2011 Nicolas Jaar
11%
158 Treats 2010 Sleigh Bells
11%
184 Clean 2018 Soccer Mommy
11%
129 Bangs and Works Vol. 1: A Chicago Footwork Compilation 2010 Various Artists
11%
186 Mono No Aware 2017 Various Artists
11%
101 Kill for Love 2012 Chromatics
10%
180 The Bones of What You Believe 2013 Chvrches
10%
88 Apocalypse, girl 2015 Jenny Hval
10%
106 Aromanticism 2017 Moses Sumney
10%
126 Tomboy 2011 Panda Bear
10%
140 Sunbathing Animal 2014 Parquet Courts
10%
167 DSU 2014 (Sandy) Alex G
10%
98 It’s Album Time 2014 Todd Terje
10%
115 In a Poem Unlimited 2018 U.S. Girls
10%
111 Past Life Martyred Saints 2011 EMA
9%
176 I’m New Here 2010 Gil Scott-Hero
9%
154 Under the Skin Original Soundtrack 2014 Mica Levi
9%
114 Process 2017 Sampha
9%
179 Black Up 2011 Shabazz Palaces
9%
174 Are We There 2014 Sharon Van Etten
9%
51 Knock Knock 2018 DJ Koze
8%
119 Before the World Was Big 2015 Girlpool
8%
62 Ruins 2014 Grouper
8%
181 LEGACY! LEGACY! 2019 Jamila Woods
8%
162 Metamodern Sounds in Country Music 2014 Sturgill Simpson
8%
121 Home, Like Noplace Is There 2014 The Hotelier
8%
194 The Monitor 2010 Titus Andronicus
8%
164 Painted Shut 2015 Hop Along
7%
198 Everything’s Fine 2018 Jean Grae / Quelle Chris
7%
53 Black Origami 2017 Jlin
7%
189 The Weight of These Wings 2016 Miranda Lambert
7%
200 So It Goes 2014 Ratking
7%
178 Silence Yourself 2013 Savages
7%
39 Apocalypse 2011 Bill Callahan
6%
195 Full Communism 2015 Downtown Boys
6%
66 Plunge 2017 Fever Ray
6%
77 There Is Love in You 2010 Four Tet
6%
133 Zentropy 2014 Frankie Cosmos
6%
82 Father, Son, Holy Ghost 2011 Girls
6%
103 This Is How You Smile 2019 Helado Negro
6%
85 On Your Own Love Again 2015 Jessica Pratt
6%
196 Vexovoid 2013 Portal
6%
124 Days 2011 Real Estate
6%
93 Devotion 2018 Tirzah
6%
132 Freedom 2018 Amen Dunes
5%
142 Agora 2019 Fennesz
5%
156 The Voyager 2014 Jenny Lewis
5%
159 Foundations of Burden 2014 Pallbearer
5%
170 Compro 2018 Skee Mask
5%
199 Go Tell Fire to the Mountain 2011 Wu Lyf
5%
183 American Drift 2015 Elysia Crampton
4%
139 Does It Look Like I’m Here? 2010 Emeralds
4%
190 For Those of You Who Have Never (and Also Those Who Have) 2016 Huerco S.
4%
165 Everybody Works 2017 Jay Som
4%
177 All American Made 2017 Margo Price
4%
172 Where We Come From 2014 Popcaan
4%
197 Genre-Specific Xperience 2011 Fatima Al Qadir
3%
182 Trans Day of Revenge 2016 G.L.O.S.S.
3%
185 Lala Belu 2018 Hailu Mergia
3%
173 Small Town Heroes 2014 Hurray for the Riff Raff
3%
90 Never Hungover Again 2014 Joyce Manor
3%
168 The Magic Place 2011 Julianna Barwick
3%
146 Compilation 2017 Sheer Mag
3%
No matching quizzes found
Score Distribution
Percent of People with Each Score
Percentile by Number Answered
Your Score History
You have not taken this quiz